000 00189 a2200097 4500
020 _a9780765302304
041 _aeng
100 _aJordan, Robert
245 _aThe gathering storm
942 _cBK
999 _c9394
_d9394